Guess the Capital by the flag - Statistics

General Stats
  • This quiz has been taken 7 times
  • The average score is 12 of 16
Answer Stats
Picture Answer % Correct
Jakarta
100%
Vilnius
100%
Jerusalem
83%
London
83%
Warsaw
83%
Washington
83%
Athens
67%
Budapest
67%
Cairo
67%
Canberra
67%
Lima
67%
Moscow
67%
Ottawa
67%
Santiago
50%
Ulaanbaatar
50%
Yerevan
50%
No matching quizzes found
Score Distribution
Percent of People with Each Score
Percentile by Number Answered
Your Score History
You have not taken this quiz